| 000 | 00535nam a22001697a 4500 | ||
|---|---|---|---|
| 003 | SISC | ||
| 005 | 20170615104954.0 | ||
| 008 | 170615b xxu||||| |||| 00| 0 eng d | ||
| 020 | _a9786214060498 | ||
| 050 |
_aHG 4026 _b.F819 2016 |
||
| 100 | _aFrancisco, Eva San Andres. | ||
| 245 |
_aFundamentals of business finance / _cEva San Andres-Francisco. |
||
| 260 |
_aManila : _bMindshapers Co., Inc., _c2016. |
||
| 300 |
_aviii, 120 pages : _billustrations ; _c23 cm. |
||
| 500 | _aIncludes bibliographical references. | ||
| 942 |
_2lcc _cBK |
||
| 999 |
_c335231 _d335231 |
||